000 00643cam a2200229 a 4500
001 14652941
005 20180214072722.0
008 061201s2008 caua 001 0 eng
010 _a 2006939532
020 _a9780495011668
020 _a0495011665
040 _aDLC
_cDLC
_dDLC
041 _aeng
080 _a516 jam
082 0 0 _a516 jam
_222
100 1 _a37
101 _amat
245 1 0 _aCalculus :
_cJames Stewart.
906 _a7
_bcbc
_corigcop
_d2
_eepcn
_f20
_gy-gencatlg
942 _2ddc
_cBK
999 _c42501
_d42501